| 000 | 00413 a2200133 4500 | ||
|---|---|---|---|
| 001 | ART_6926 | ||
| 005 | 20260410161659.0 | ||
| 008 | 260409a | ||
| 245 | 1 | 0 | _aHacia una estimación de la demanda de dinero con fines de pronóstico |
| 100 | 1 | _aAguirre, Horacio A. | |
| 700 | 1 | _aBurdisso, Tamara | |
| 700 | 1 | _aGrillo, Federico | |
| 773 | 0 |
_tEnsayos Económicos _g- Nº 45 (oct. 2006) _wREV620 |
|
| 999 |
_c15015 _d15015 |
||